000 00489nam a2200205Ia 4500
008 210210b1961 xxu||||| |||| 00| 0 eng d
041 _aeng
082 _a320/125
100 _aDAS (M N)
245 _aPolitical philosophy of Jawaharlal Nehru
260 _aLondon
_bGeorge Allen & Unwin Ltd
_c1961
300 _a256
650 _aPolitical
650 _aphilosophy
650 _aof
650 _aNehru
650 _aJawaharlal
690 _aPolitical Science
906 _a001876
999 _c117699
_d117699